| 000 | 02085cam a2200421 a 4500 | ||
|---|---|---|---|
| 090 | _c10175 | ||
| 001 | 14825428 | ||
| 005 | 20071015105520.0 | ||
| 008 | 070427s2007 nyua b 001 0 eng | ||
| 010 | _a 2007017818 | ||
| 015 |
_aGBA6A1882 _2bnb |
||
| 016 | 7 |
_a013618308 _2Uk |
|
| 020 | _a0071482806 (alk. paper) | ||
| 020 | _a9780071482806 (alk. paper) | ||
| 035 | _a(OCoLC)ocn123955135 | ||
| 035 |
_a(OCoLC)123955135 _z(OCoLC)76935561 |
||
| 040 |
_aDLC _cDLC _dUKM _dBAKER _dBTCTA _dC#P _dYDXCP _dDLC |
||
| 050 | 0 | 0 |
_aTK5101 _b.F54 2007 |
| 082 | 0 | 0 |
_a621.382 _222 _bFIT |
| 100 | 1 | _aFitz, Michael P. | |
| 245 | 1 | 0 |
_aFundamentals of communications systems / _cMichael P. Fitz. |
| 260 |
_aNew York : _bMcGraw-Hill, _cc2007. |
||
| 300 |
_a1 v. (various pagings) : _bill. ; _c25 cm. |
||
| 490 | 1 | _aCommunications engineering | |
| 500 | _aDistributer: Baccah. | ||
| 504 | _aIncludes bibliographical references and index. | ||
| 650 | 0 | _aTelecommunication systems. | |
| 830 | 0 |
_aMcGraw-Hill professional engineering. _pCommunications engineering. |
|
| 856 | 4 | 2 |
_3Contributor biographical information _uhttp://www.loc.gov/catdir/enhancements/fy0713/2007017818-b.html |
| 856 | 4 | 2 |
_3Publisher description _uhttp://www.loc.gov/catdir/enhancements/fy0713/2007017818-d.html |
| 856 | 4 | 1 |
_3Table of contents only _uhttp://www.loc.gov/catdir/enhancements/fy0713/2007017818-t.html |
| 906 |
_a7 _bcbc _corignew _d1 _eecip _f20 _gy-gencatlg |
||
| 942 |
_2ddc _cBB |
||
| 999 |
_c10175 _d10175 |
||